| 000 | 00407nam a2200157Ia 4500 | ||
|---|---|---|---|
| 999 |
_c6070 _d6070 |
||
| 003 | OSt | ||
| 005 | 20190928171053.0 | ||
| 008 | 190906s9999||||xx |||||||||||||| ||und|| | ||
| 020 | _a978-0201628784 | ||
| 040 | _cmaju | ||
| 100 | _a Kenneth S. Rubin | ||
| 245 | 0 | _aSucceeding with Objects (Decision Frameworks for Project Management) | |
| 260 |
_aUSA _bFamous Books _c1995 |
||
| 300 | _a251 | ||
| 942 |
_cBK _2ddc |
||